00825nas a2200229Ia 4500001002400000003001000024008004100034040002500075041001300100100002300113210002000136222002000156245006400176250001100240260000900251501012300260300001000383362002400393500014500417650002200562700001100584dd19-27293 [d000003102]IT-MiCISF161014c99999999xx |||||||||||| ||und|| aIT-MiCISFcIT-MiCISF aITALIANO aCampanini Giorgio  aRezzara notizie aRezzara notizie 0aLa famiglia fuori dal tunnel se riparte dalla solidarietà€ a1a ed. c1998 bCISF - Centro Internazionale Studi Famiglia - Via Giotto, 36 20145 MILANO (non commercial uses only)cCopyright 2016 app. 8 a n. 3, marzo [1998] aTreu T., Zanon R., Santone G., Pavesi N., Padovese L., Di Nicola P., Gioro G., Butturini E. Tema: famiglia, cambiamenti-famiglia, matrimonio aFAMIGLIAvdossier aAA.VV.